000 00644nam a2200241Ia 4500
003 OSt
005 20220928121212.0
006 a|||||r|||| 00| 0
007 ta
008 220927b |||||||| |||| 00| 0 eng d
024 _a30505
037 _cTextual
040 _aSDCL
_cSDCL
_beng
041 _2eng
_aeng
082 _aO15,3N:g, N5
100 _aShastri Kalanath
_9432180
245 0 _aAdhunik kaal ka Sanskrit gadhya sahitya.
260 _aNew
_b#NAME?
_c1995
300 _axii,67p.
_ccm.
490 _aRajatjaiyanti granthamala 17.
942 _hO15,3N:g, N5
_cTEXL
_2CC
999 _c765675
_d765675